[Event "1st Grand Europe Open"]
[Site "Golden Sands BUL"]
[Date "2012.06.10"]
[Round "7.29"]
[White "Parligras, Cosmin"]
[Black "Vuckovic, Bojan"]
[Result "1/2-1/2"]
[BlackTitle "GM"]
[WhiteElo "2264"]
[BlackElo "2628"]
[WhiteFideId "1206494"]
[BlackFideId "922277"]
[EventDate "2012.06.04"]
[EventType "swiss"]

1. e4 c5 2. Nf3 d6 3. Bc4 Nf6 4. d3 Nc6 5. O-O g6 6. c3 Bg7 7. Bb3 O-O 8. Nbd2
b6 9. Re1 Ba6 10. Nf1 Ne5 11. Bc2 Qc7 12. h3 Nfd7 13. N1h2 Rac8 14. Be3 Rfd8 15.
Rc1 Nf8 16. Ng4 Nxg4 17. hxg4 Qd7 18. g5 d5 19. e5 Qb5 20. a4 Qd7 21. d4 Ne6 22.
b3 Rc7 23. Bd3 Bxd3 24. Qxd3 c4 25. Qc2 cxb3 26. Qxb3 Rdc8 27. Bd2 Rc4 28. Ra1
Qc6 29. Qb5 Nd8 30. Nh2 a6 31. Qxa6 Ra8 32. Qb5 Rcxa4 33. Rxa4 Rxa4 34. Rb1 Ra1
35. Nf1 Rxb1 36. Qxb1 Nb7 37. Ne3 Na5 38. Qa1 f6 39. gxf6 exf6 40. exf6 Bxf6 41.
Ng4 h5 42. Nh2 Nc4 43. Nf3 Nd6 44. Bg5 Bxg5 45. Nxg5 Ne4 46. Nxe4 dxe4 47. Qa2+
Kg7 48. Qb3 Kf6 49. Qb4 b5 50. Kf1 Ke6 51. Qb3+ Qd5 52. Qb4 h4 53. Kg1 g5 54.
Qf8 Kd7 55. Kh2 Kc7 56. Kh3 Qe6+ 57. Kh2 Qd5 58. Kh3 Qc6 59. Qb4 Qe6+ 60. Kh2
Qf5 61. Kg1 Qd5 62. Kh2 Kc6 63. Qf8 Kb6 64. Qb8+ Ka6 65. Qc7 Qf5 66. Qd6+ 1/2-1/2

[Event "1st Grand Europe Open"]
[Site "Golden Sands BUL"]
[Date "2012.06.10"]
[Round "7.31"]
[White "Carmaciu, Lucian-Catalin"]
[Black "Nikolov, Momchil"]
[Result "1/2-1/2"]
[WhiteTitle "IM"]
[BlackTitle "GM"]
[WhiteElo "2388"]
[BlackElo "2553"]
[WhiteFideId "1209353"]
[BlackFideId "2905710"]
[EventDate "2012.06.04"]
[EventType "swiss"]

1. e4 c5 2. Nf3 e6 3. c3 Nf6 4. e5 Nd5 5. d4 cxd4 6. cxd4 b6 7. Nc3 Nxc3 8. bxc3
Qc7 9. Bd2 Be7 10. Bd3 Ba6 11. Bxa6 Nxa6 12. Qe2 Qb7 13. O-O O-O 14. Bg5 f6 15.
exf6 Bxf6 16. Bxf6 Rxf6 17. Ne5 Rd8 18. Rad1 Nc7 19. c4 d6 20. Ng4 Rf4 21. f3
Rdf8 22. Rfe1 Qa6 23. Qc2 Qa5 24. Re4 Rxe4 25. fxe4 Qg5 26. Qe2 e5 27. d5 Na6
28. g3 Nc5 29. Rf1 Rxf1+ 30. Kxf1 a5 31. Nf2 Qc1+ 32. Kg2 g6 33. h4 Kg7 34. h5
Qg5 35. hxg6 Qxg6 36. Qe1 Kf7 37. Qb1 Nd7 38. Qh1 Nc5 39. Qb1 Nd7 40. Qh1 Ke7
41. Qh4+ Ke8 42. Kf3 Nc5 43. Ke3 h5 44. Kf3 Kd7 45. Nd1 Qf7+ 46. Ke2 Qg6 47. Kf3
Qf7+ 48. Ke2 Qg6 49. Kf3 Qf7+ 1/2-1/2

[Event "1st Grand Europe Open"]
[Site "Golden Sands BUL"]
[Date "2012.06.10"]
[Round "7.33"]
[White "Shirazi, Kamran"]
[Black "Chirila, Ioan-Cristian"]
[Result "1-0"]
[WhiteTitle "IM"]
[BlackTitle "GM"]
[WhiteElo "2372"]
[BlackElo "2521"]
[WhiteFideId "2000733"]
[BlackFideId "1211668"]
[EventDate "2012.06.04"]
[EventType "swiss"]

1. e4 c5 2. Nf3 Nc6 3. c4 e5 4. Nc3 g6 5. a3 Bg7 6. b4 d6 7. bxc5 dxc5 8. d3
Nge7 9. Be2 O-O 10. h4 Bg4 11. Rb1 b6 12. Nd5 Nxd5 13. exd5 Bxf3 14. Bxf3 Nd4
15. h5 Nf5 16. hxg6 hxg6 17. g4 Nd6 18. Be4 Qe8 19. g5 Qd7 20. Be3 Rfc8 21. Bf3
Rc7 22. Bg4 Qe8 23. Qf3 Qa4 24. Kf1 Qxa3 25. Rd1 a6 26. Kg2 b5 27. Rh4 Re8 28.
Rdh1 Qxd3 29. Qf6 1-0

[Event "1st Grand Europe Open"]
[Site "Golden Sands BUL"]
[Date "2012.06.10"]
[Round "7.34"]
[White "Kashlinskaya, Alina"]
[Black "Berescu, Alin-Mile"]
[Result "0-1"]
[WhiteTitle "WGM"]
[BlackTitle "GM"]
[WhiteElo "2372"]
[BlackElo "2516"]
[WhiteFideId "4198026"]
[BlackFideId "1204920"]
[EventDate "2012.06.04"]
[EventType "swiss"]

1. d4 e6 2. c4 d5 3. Nf3 c6 4. Nbd2 f5 5. g3 Nf6 6. Bg2 Bd6 7. O-O Nbd7 8. b3
O-O 9. a4 Qe7 10. Bb2 Ne4 11. Qc2 a5 12. Ne1 b6 13. Nxe4 fxe4 14. f3 exf3 15.
exf3 dxc4 16. bxc4 e5 17. Nd3 exd4 18. Bxd4 Nc5 19. Rfe1 Qg5 20. Nxc5 Bxc5 21.
Qf2 Ba6 22. f4 Bxd4 23. Qxd4 Qd8 24. Rad1 Qxd4+ 25. Rxd4 Rad8 26. Red1 Rxd4 27.
Rxd4 Rc8 28. Kf2 Kf8 29. Bf1 Ke7 30. Ke3 c5 31. Rd2 Rc6 32. f5 Bc8 33. g4 Rd6
34. Rxd6 Kxd6 35. Bd3 Ke5 36. Bc2 Bd7 37. Bb3 h5 38. gxh5 Bxf5 39. Bd1 Bb1 40.
Bb3 Bf5 41. Bd1 Be6 42. Be2 Bd7 43. Bd1 Be8 44. h4 Bd7 45. Kf3 Be6 46. Be2 Bf5
47. Bd1 Bd3 48. Kg4 Bxc4 49. Kg5 Bd3 50. h6 gxh6+ 51. Kxh6 c4 0-1

[Event "1st Grand Europe Open"]
[Site "Golden Sands BUL"]
[Date "2012.06.10"]
[Round "7.35"]
[White "Xiu, Deshun"]
[Black "Kanmazalp, Ogulcan"]
[Result "1-0"]
[WhiteTitle "GM"]
[BlackTitle "IM"]
[WhiteElo "2494"]
[BlackElo "2379"]
[WhiteFideId "8603693"]
[BlackFideId "6304990"]
[EventDate "2012.06.04"]
[EventType "swiss"]

1. Nf3 Nf6 2. c4 g6 3. Nc3 Bg7 4. e4 d6 5. d4 O-O 6. h3 e5 7. d5 Nh5 8. g3 a5 9.
Be2 Na6 10. Nh2 Nc5 11. Bxh5 gxh5 12. Be3 f5 13. Bxc5 dxc5 14. Qxh5 Ra6 15. Qe2
f4 16. g4 f3 17. Nxf3 Raf6 18. Nd2 Rxf2 19. Qxf2 Rxf2 20. Kxf2 Qh4+ 21. Ke2 Bd7
22. Rag1 a4 23. Nf1 Bh6 24. Ne3 Qg5 25. Rg3 Qg6 26. g5 Bg7 27. Kd3 Qb6 28. Kc2
Qb4 29. h4 a3 30. b3 b5 31. h5 1-0

[Event "1st Grand Europe Open"]
[Site "Golden Sands BUL"]
[Date "2012.06.10"]
[Round "7.36"]
[White "Gorbatov, Alexej"]
[Black "Simonian, Hrair"]
[Result "0-1"]
[WhiteTitle "IM"]
[BlackTitle "GM"]
[WhiteElo "2363"]
[BlackElo "2475"]
[WhiteFideId "4111834"]
[BlackFideId "13302337"]
[EventDate "2012.06.04"]
[EventType "swiss"]

1. e4 c5 2. Nf3 e6 3. d4 cxd4 4. Nxd4 a6 5. Bd3 Qc7 6. O-O Nf6 7. c4 d6 8. Nc3
g6 9. b3 Nbd7 10. Ba3 Be7 11. Rc1 O-O 12. Bb1 Qa5 13. Bb2 e5 14. Nc2 b5 15. Ne3
Bb7 16. Qe2 b4 17. Ncd5 Nxd5 18. cxd5 Qd8 19. Qd2 a5 20. g3 Bf6 21. Nc4 Nb6 22.
Bd3 Nxc4 23. Rxc4 Qb6 24. Kg2 Bg7 25. Rfc1 f5 26. Rc7 fxe4 27. Bxe4 Rac8 28.
Rxc8 Rxc8 29. Rxc8+ Bxc8 30. Qc2 Qc5 31. Kf1 Ba6+ 32. Ke1 Qb5 33. Bg2 Bh6 34. a4
Qd3 35. Qxd3 Bxd3 36. Bf1 Be4 37. Bc4 Bf3 38. Be2 Bxd5 39. Bc4 Bxc4 40. bxc4 Kf7
41. Ke2 Ke6 42. Kd3 d5 43. f3 Bg5 44. g4 Bf4 45. h3 Kd6 46. cxd5 Kxd5 47. Ba1
Bc1 48. Kc2 Be3 49. Kd3 Bd4 50. Bxd4 exd4 51. f4 b3 52. h4 b2 53. Kc2 Ke4 0-1

[Event "1st Grand Europe Open"]
[Site "Golden Sands BUL"]
[Date "2012.06.10"]
[Round "7.37"]
[White "Atalik, Ekaterina"]
[Black "Mrdja, Milan"]
[Result "1/2-1/2"]
[WhiteTitle "IM"]
[BlackTitle "IM"]
[WhiteElo "2474"]
[BlackElo "2372"]
[WhiteFideId "4130189"]
[BlackFideId "14500337"]
[EventDate "2012.06.04"]
[EventType "swiss"]

1. d4 d6 2. Nf3 Bg4 3. c4 Nd7 4. g3 c6 5. Bg2 Ngf6 6. Nc3 e5 7. O-O Be7 8. h3
Bxf3 9. exf3 O-O 10. dxe5 dxe5 11. f4 exf4 12. Bxf4 Nc5 13. Be3 Ne6 14. Na4 Qc7
15. Qc2 Rfd8 16. Rfd1 Nd7 17. a3 Nb6 18. Nxb6 axb6 19. Rxd8+ Rxd8 1/2-1/2

[Event "1st Grand Europe Open"]
[Site "Golden Sands BUL"]
[Date "2012.06.10"]
[Round "7.38"]
[White "Bykov, Alexey1"]
[Black "Hunt, Adam C"]
[Result "1-0"]
[WhiteTitle "FM"]
[BlackTitle "IM"]
[WhiteElo "2346"]
[BlackElo "2461"]
[WhiteFideId "4165365"]
[BlackFideId "403970"]
[EventDate "2012.06.04"]
[EventType "swiss"]

1. Nf3 Nf6 2. c4 c6 3. d4 d5 4. e3 Bf5 5. Nc3 e6 6. Nh4 Be4 7. Qb3 Qc7 8. f3 Bg6
9. Bd2 Be7 10. Nxg6 hxg6 11. O-O-O Nbd7 12. cxd5 cxd5 13. g3 a6 14. Kb1 b5 15.
Bd3 O-O 16. g4 Nb6 17. g5 Nh5 18. f4 Qd7 19. Ne2 Nc4 20. Ng3 a5 21. Bc1 Rfc8 22.
Rdg1 a4 23. Qd1 a3 24. b3 Nb2 25. Qe2 Nxd3 26. Qxd3 Rc7 27. Nxh5 gxh5 28. g6 f5
29. Bd2 Rac8 30. Qe2 Qd6 31. Qxh5 Bf6 32. Rc1 Rxc1+ 33. Rxc1 Rxc1+ 34. Kxc1 Kf8
35. Qh8+ Ke7 36. Qc8 Bh4 37. Ba5 Bf2 38. Kd2 e5 39. Qb7+ Qd7 40. Bb4+ 1-0

[Event "1st Grand Europe Open"]
[Site "Golden Sands BUL"]
[Date "2012.06.10"]
[Round "7.39"]
[White "Dimitrov, Atanas"]
[Black "Gabuzyan, Hovhannes"]
[Result "1/2-1/2"]
[WhiteTitle "IM"]
[BlackTitle "IM"]
[WhiteElo "2339"]
[BlackElo "2457"]
[WhiteFideId "2901315"]
[BlackFideId "13303732"]
[EventDate "2012.06.04"]
[EventType "swiss"]

1. d4 Nf6 2. Nf3 g6 3. Bg5 Bg7 4. Nbd2 O-O 5. c3 c5 6. e3 cxd4 7. exd4 d6 8. Bc4
Nc6 9. O-O Qb6 10. Qc1 Bf5 11. Re1 Rac8 12. Bb3 Rc7 13. Nc4 Qb5 14. Na3 Qa6 15.
Bxf6 Bxf6 16. Qh6 Bg7 17. Qh4 b5 18. Re3 b4 19. cxb4 Nxb4 20. Rxe7 Rxe7 21. Qxe7
Nc6 22. Qh4 h6 23. Nc4 Be6 24. Ncd2 d5 25. h3 Qb6 26. Nf1 f5 27. Qf4 Nxd4 28.
Nxd4 Qxd4 29. Qd6 Bf7 30. Rd1 Qxb2 31. Bxd5 Bxd5 32. Qxd5+ Kh7 33. h4 Qf6 34. h5
gxh5 35. Nh2 h4 36. Qf3 Rc8 37. Nf1 f4 38. Qe4+ Kh8 39. Nh2 Rg8 40. Kh1 Qb6 41.
Ng4 h3 42. gxh3 Qb5 43. Qf3 Re8 44. Kg2 Qc4 45. Rd7 a5 46. Qd5 Qc3 47. a4 Rf8
48. Nh2 Qa1 49. Qe4 Qc3 50. Rd5 Rg8 51. Ng4 Qb4 52. Qf5 Rf8 53. Qc2 f3+ 54. Kh2
Re8 55. Qd1 Qf4+ 56. Kh1 Qf8 57. Nh2 Qf6 58. Nxf3 Qe6 59. Kh2 Qb6 60. Qc2 Rf8
61. Kg2 Rg8 62. Kh1 Qe6 63. Qf5 Qc6 64. Nh4 Bf6 65. Nf3 Bb2 66. Rc5 Qxa4 67.
Rxa5 Qd1+ 68. Kh2 Qd6+ 69. Kh1 Qc6 70. Ra7 Bg7 71. Rf7 Qc1+ 72. Kh2 Qb2 73. Qc5
Qe2 74. Qe3 Qb5 75. Re7 Rf8 76. Kg2 Qc6 77. Qe4 Qc5 78. Re8 Rxe8 79. Qxe8+ Qf8
80. Qxf8+ Bxf8 81. Ne5 Kg7 82. f4 Bd6 83. Kf3 Ba3 84. Ke4 Kf6 85. Ng4+ Kg6 86.
Ne5+ Kf6 87. Nf3 Bc1 88. Nd4 Bb2 89. Nb5 Kg6 90. Nd6 Ba3 91. Nc4 Bb4 92. Ke5 Kh5
93. Ne3 Kh4 94. Nf5+ Kxh3 95. Nxh6 Bd2 1/2-1/2

[Event "1st Grand Europe Open"]
[Site "Golden Sands BUL"]
[Date "2012.06.10"]
[Round "7.42"]
[White "Omar, Noaman"]
[Black "Dimitrov, Radoslav"]
[Result "1-0"]
[WhiteTitle "FM"]
[BlackTitle "IM"]
[WhiteElo "2322"]
[BlackElo "2428"]
[WhiteFideId "9300244"]
[BlackFideId "2908549"]
[EventDate "2012.06.04"]
[EventType "swiss"]

1. d4 c5 2. d5 e5 3. c4 d6 4. e4 Be7 5. Nf3 Bg4 6. Nbd2 Nf6 7. Bd3 Na6 8. h3 Bd7
9. Nf1 O-O 10. Ng3 Nc7 11. a4 Na6 12. O-O Nb4 13. Bb1 a6 14. a5 b6 15. axb6 Qxb6
16. Ra3 a5 17. Nh4 g6 18. f4 Ne8 19. Nf3 f6 20. f5 g5 21. h4 h6 22. Nh2 Ng7 23.
Ng4 h5 24. Nh6+ Kh7 25. hxg5 fxg5 26. Nxh5 Be8 27. Rh3 Nxh5 28. Rxh5 Kg7 29.
Bxg5 Bxh5 30. Qxh5 Bxg5 31. Qxg5+ Kh8 32. f6 Ra7 33. f7 Qd8 34. Qg6 a4 35. Rf3 1-0

[Event "1st Grand Europe Open"]
[Site "Golden Sands BUL"]
[Date "2012.06.10"]
[Round "7.43"]
[White "Gutov, Andrey"]
[Black "Voiska, Margarita"]
[Result "0-1"]
[WhiteTitle "GM"]
[BlackTitle "WGM"]
[WhiteElo "2421"]
[BlackElo "2301"]
[WhiteFideId "4130480"]
[BlackFideId "2900602"]
[EventDate "2012.06.04"]
[EventType "swiss"]

1. d4 d6 2. Nf3 Bg4 3. c4 Bxf3 4. exf3 c6 5. Nc3 g6 6. Be3 Bg7 7. f4 Nh6 8. g4
Nd7 9. Be2 e6 10. d5 exd5 11. cxd5 c5 12. Qd2 a6 13. f5 Ng8 14. Ne4 Qb6 15. Bg5
gxf5 16. gxf5 Ngf6 17. Nc3 O-O-O 18. O-O Rde8 19. Qc2 h6 20. Bf4 Ne5 21. Rab1
Kb8 22. a3 h5 23. b4 c4 24. Be3 Qd8 25. b5 a5 26. b6 Nfg4 27. Bf4 Bh6 28. Bg3 h4
29. Bxe5 Nxe5 30. Qa4 Reg8+ 31. Kh1 Qg5 32. Rg1 Qxf5 33. Qxa5 Nd7 34. f3 Bf4 35.
Rg4 Rxg4 36. fxg4 Qe5 37. Bf3 Qe3 38. Rf1 Qxb6 39. Qxb6 Nxb6 40. Be2 Be5 41. Ne4
c3 42. Bd3 Nxd5 43. Rxf7 Ne3 44. Rf2 Nxg4 45. Rc2 Ne3 46. Re2 Nd5 47. Bc2 Rg8
48. Bb3 Nf4 49. Rc2 Rg7 50. Nxc3 Bxc3 0-1

[Event "1st Grand Europe Open"]
[Site "Golden Sands BUL"]
[Date "2012.06.10"]
[Round "7.44"]
[White "Mladenov, Svetlin"]
[Black "Raeva, Elitsa"]
[Result "1/2-1/2"]
[BlackTitle "WIM"]
[WhiteElo "2413"]
[BlackElo "2284"]
[WhiteFideId "2906023"]
[BlackFideId "2906660"]
[EventDate "2012.06.04"]
[EventType "swiss"]

1. e4 c5 2. Nf3 Nc6 3. Bb5 e6 4. Bxc6 bxc6 5. d3 Ne7 6. O-O Ng6 7. Ng5 f6 8. Nh3
d5 9. Qh5 Bd6 10. f4 O-O 11. c4 Qe8 12. Nc3 Ba6 13. b3 Rd8 14. Na4 Bc8 15. Ba3
Nxf4 16. Nxf4 Bxf4 17. Qf3 Be5 18. Rae1 Bd4+ 19. Kh1 dxc4 20. dxc4 Qe7 21. Rd1
e5 22. Rxd4 exd4 23. Bxc5 Qe5 24. Bxf8 Rxf8 25. b4 Be6 26. Qd3 1/2-1/2

[Event "1st Grand Europe Open"]
[Site "Golden Sands BUL"]
[Date "2012.06.10"]
[Round "7.45"]
[White "Akshat, Khamparia"]
[Black "Vaarala, Eric"]
[Result "1-0"]
[WhiteTitle "IM"]
[WhiteElo "2400"]
[BlackElo "2249"]
[WhiteFideId "5016541"]
[BlackFideId "1711962"]
[EventDate "2012.06.04"]
[EventType "swiss"]

1. d4 Nf6 2. c4 e6 3. Nc3 Bb4 4. Bg5 h6 5. Bh4 b6 6. f3 Nc6 7. e3 Ba6 8. Rc1 O-O
9. a3 Be7 10. b4 Bb7 11. Bd3 Nb8 12. Nge2 a5 13. O-O axb4 14. axb4 Bxb4 15. e4
Be7 16. e5 Ne8 17. Bf2 f5 18. exf6 Bxf6 19. Bb1 Nd6 20. Qd3 Nf5 21. g4 Ne7 22.
Be3 g6 23. Bxh6 Bg7 24. Bg5 Nbc6 25. h4 Nb4 26. Qe3 Qe8 27. Nf4 Nbc6 28. Nb5 Ba6
29. Rcd1 Rc8 30. h5 gxh5 31. Qe4 Nf5 32. d5 Bxb5 33. cxb5 Ncd4 34. Nxh5 exd5 35.
Qxd5+ Qe6 36. Qxe6+ Nxe6 37. Bxf5 Nxg5 38. Nxg7 Kxg7 39. Rxd7+ Kf6 40. f4 Ne6
41. Rh7 Rh8 42. Kg2 Rxh7 43. Bxh7 Ra8 44. g5+ Kg7 45. Bf5 Nd4 46. Bd3 Ra3 47.
Rd1 Ne6 48. Kf3 Nc5 49. Ke3 Ne6 50. Rc1 Nc5 51. Rd1 Ne6 52. Ke4 Ra4+ 53. Kf5
Nxf4 54. Bc2 Rc4 55. Rd7+ Kf8 56. Bb3 Rb4 57. Ba2 Ra4 58. Rxc7 Ng2 59. Be6 Nh4+
60. Ke5 Rb4 61. Bc4 Rb2 62. Rh7 Ng2 63. g6 1-0

[Event "1st Grand Europe Open"]
[Site "Golden Sands BUL"]
[Date "2012.06.10"]
[Round "7.46"]
[White "Janchev, Petar"]
[Black "Nezad, Husein Aziz"]
[Result "1/2-1/2"]
[BlackTitle "IM"]
[WhiteElo "2143"]
[BlackElo "2393"]
[WhiteFideId "2903016"]
[BlackFideId "12100293"]
[EventDate "2012.06.04"]
[EventType "swiss"]

1. d4 d5 2. Nf3 Nf6 3. e3 c5 4. c4 cxd4 5. exd4 g6 6. Nc3 Bg7 7. c5 O-O 8. h3
Bf5 9. Bb5 b6 10. cxb6 Qxb6 11. O-O Rc8 12. Ba4 Nc6 13. Re1 Be4 14. Ne5 Na5 15.
Re2 h6 16. f3 Bf5 17. g4 Be6 18. Kg2 Nc4 19. Bb3 Rab8 20. Na4 Qa6 21. Bf4 Nxe5
22. Bxe5 Nd7 23. Bxb8 Rxb8 24. Rd2 Qd6 25. Rc1 h5 26. Rdc2 Rb4 27. Rd2 Qf4 28.
Nc3 Bh6 29. Rcc2 Nf6 30. Rd3 a5 31. Qd2 Qxd2+ 32. Rdxd2 Bxd2 33. Rxd2 g5 34. Kf2
Kg7 35. Ke3 Rb8 36. Kf2 Rh8 37. Kg2 Rc8 38. Re2 Kg6 39. Rd2 Rb8 40. Rc2 Rb4 41.
Rd2 Kg7 42. Kf2 Rb8 43. Re2 Rb4 44. Rd2 Kf8 45. Ke3 Kg7 46. Kf2 1/2-1/2

[Event "1st Grand Europe Open"]
[Site "Golden Sands BUL"]
[Date "2012.06.10"]
[Round "7.47"]
[White "Ivanov, Tsvetalin"]
[Black "Cheparinov, Ivan"]
[Result "0-1"]
[BlackTitle "GM"]
[WhiteElo "2139"]
[BlackElo "2673"]
[WhiteFideId "2907720"]
[BlackFideId "2905540"]
[EventDate "2012.06.04"]
[EventType "swiss"]

1. d4 Nf6 2. c4 g6 3. Nc3 Bg7 4. e4 d6 5. f3 O-O 6. Be3 c5 7. d5 e6 8. Nh3 exd5
9. cxd5 Bxh3 10. gxh3 Nbd7 11. Qd2 Re8 12. Be2 a6 13. a4 Nh5 14. Bg5 Qa5 15. O-O
Qb4 16. Kg2 Ne5 17. Rfc1 Rac8 18. a5 Qd4 19. Be3 Qxd2 20. Bxd2 Nd7 21. Re1 Be5
22. Bc4 Nf4+ 23. Bxf4 Bxf4 24. Re2 Re5 25. Rc2 Nf6 26. Ne2 Nh5 27. Rf1 Rce8 28.
Bd3 R5e7 29. b3 Kg7 30. Ng3 Re5 31. Ne2 R8e7 32. Ra2 f5 33. exf5 gxf5 34. Bc4
Kf6 35. Kh1 Re3 36. Rf2 Bg5 37. Rc2 Bh4 38. Rf1 Rg7 39. Ra2 Re8 40. Rg1 Reg8 41.
Rxg7 Rxg7 42. Ra1 Bf2 43. Rf1 Be3 44. Ra1 Ke5 45. Rd1 Nf4 46. Nxf4 Kxf4 47. Bd3
Bd4 48. Re1 h5 49. Bc2 h4 50. Bd3 Bc3 51. Re6 Bd4 52. Re1 Rg8 53. Bc2 Rg5 54.
Bd3 Bf2 0-1

[Event "1st Grand Europe Open"]
[Site "Golden Sands BUL"]
[Date "2012.06.10"]
[Round "7.48"]
[White "Thejkumar, M. S."]
[Black "Hagesaether, Ellen"]
[Result "1-0"]
[WhiteTitle "IM"]
[BlackTitle "WIM"]
[WhiteElo "2450"]
[BlackElo "2252"]
[WhiteFideId "5009154"]
[BlackFideId "1501909"]
[EventDate "2012.06.04"]
[EventType "swiss"]

1. d4 Nf6 2. c4 e6 3. Nf3 b6 4. g3 Bb7 5. Bg2 Be7 6. O-O O-O 7. d5 Na6 8. Nd4
exd5 9. Nc3 c6 10. cxd5 Nxd5 11. Nxd5 cxd5 12. Nf5 Bf6 13. Rb1 d6 14. Bxd5 Bxd5
15. Qxd5 Qd7 16. e4 g6 17. Qxd6 Qxd6 18. Nxd6 Rad8 19. Nb5 Nc5 20. b3 Nd3 21.
Rd1 Ne5 22. Rxd8 Rxd8 23. Kg2 Nd3 24. Bh6 Bb2 25. Kf1 Rd7 26. Rd1 a6 27. Nc7
Rxc7 28. Rxd3 f6 29. Be3 b5 30. Rd8+ Kf7 31. Ra8 Rc6 32. Ra7+ Kg8 33. Ke2 Ba3
34. Bh6 f5 35. Be3 Rc2+ 36. Kd3 Rxa2 37. Kc3 1-0

[Event "1st Grand Europe Open"]
[Site "Golden Sands BUL"]
[Date "2012.06.10"]
[Round "7.49"]
[White "Kigel, Dmytro"]
[Black "Rathnakaran, K."]
[Result "0-1"]
[WhiteTitle "FM"]
[BlackTitle "IM"]
[WhiteElo "2233"]
[BlackElo "2441"]
[WhiteFideId "14117932"]
[BlackFideId "5005507"]
[EventDate "2012.06.04"]
[EventType "swiss"]

1. d4 Nf6 2. c4 c5 3. d5 e6 4. Nc3 exd5 5. cxd5 d6 6. e4 g6 7. f4 Bg7 8. Bb5+
Nfd7 9. a4 Qh4+ 10. g3 Qe7 11. Nf3 O-O 12. O-O Na6 13. e5 dxe5 14. d6 Qd8 15.
Re1 exf4 16. Bxf4 Nb4 17. Bg5 f6 18. Be3 b6 19. Nd5 Bb7 20. Nc7 a6 21. Bc4+ Kh8
22. Ne6 Qc8 23. Nxg7 Ne5 24. Ne6 Nxf3+ 25. Kf2 Ne5 26. Bh6 Rf7 27. Rxe5 fxe5+
28. Ke1 Qc6 29. Qe2 Qxd6 30. Ng5 Re7 31. Qf2 Qc6 32. Nf7+ Rxf7 33. Qxf7 Qh1+ 34.
Bf1 Nd3+ 35. Kd1 Bf3+ 36. Kd2 Qxh2+ 37. Kc3 Qxb2+ 38. Kxd3 e4+ 39. Ke3 Qxa1 40.
Kf2 Qb2+ 41. Ke1 Rd8 0-1

[Event "1st Grand Europe Open"]
[Site "Golden Sands BUL"]
[Date "2012.06.10"]
[Round "7.50"]
[White "Firat, Burak"]
[Black "Prodileanu, Adrian"]
[Result "1-0"]
[WhiteTitle "IM"]
[WhiteElo "2428"]
[BlackElo "2226"]
[WhiteFideId "6305881"]
[BlackFideId "1208861"]
[EventDate "2012.06.04"]
[EventType "swiss"]

1. e4 c6 2. d4 d5 3. e5 Bf5 4. Nf3 e6 5. Be2 c5 6. O-O Nc6 7. c3 cxd4 8. cxd4
Nge7 9. Nc3 Bg4 10. Ne1 Bxe2 11. Nxe2 Qb6 12. Nf3 Ng6 13. h4 Be7 14. g3 O-O-O
15. Nc3 Kb8 16. Re1 Rc8 17. Qd3 h5 18. Re2 Nb4 19. Qe3 Qa6 20. Ne1 Rc7 21. Bd2
Bf8 22. a4 Rc4 23. b3 Rc8 24. Nb5 Qb6 25. Qf3 a6 26. Qxf7 axb5 27. Qxg6 Qxd4 28.
Rb1 Qg4 29. Qxg4 hxg4 30. axb5 Nc2 31. Nxc2 Rxc2 32. Kf1 Be7 33. Be3 Rhc8 34.
Ra1 R8c3 35. Ra4 Rxe2 36. Kxe2 Bc5 37. Bxc5 Rxc5 38. Rxg4 Rxb5 39. Rxg7 d4 40.
f4 Rxb3 41. h5 Rb2+ 42. Kd3 Rh2 43. g4 b5 44. Kxd4 b4 45. Kc4 1-0

[Event "1st Grand Europe Open"]
[Site "Golden Sands BUL"]
[Date "2012.06.10"]
[Round "7.51"]
[White "Andersen, Alf R."]
[Black "Mollov, Ergin"]
[Result "0-1"]
[BlackTitle "IM"]
[WhiteElo "2199"]
[BlackElo "2394"]
[WhiteFideId "1503120"]
[BlackFideId "2900343"]
[EventDate "2012.06.04"]
[EventType "swiss"]

1. e4 c5 2. Nf3 Nc6 3. Bb5 g6 4. O-O Bg7 5. Re1 Nf6 6. c3 O-O 7. Na3 d6 8. Nc2
Bg4 9. h3 Bxf3 10. Qxf3 Ne5 11. Qe2 a6 12. f4 axb5 13. fxe5 dxe5 14. Qxb5 Qc7
15. Qe2 c4 16. d3 cxd3 17. Qxd3 Rfd8 18. Qf3 Qc4 19. Nb4 h6 20. b3 Qc5+ 21. Kh1
Rac8 22. Bb2 Rd2 23. Nd3 Qd6 24. Rad1 Rxd1 25. Rxd1 Rd8 26. Nf2 Qc7 27. Rxd8+
Qxd8 28. Qe3 Nh5 29. c4 Nf4 30. b4 h5 31. c5 Qd7 32. Qe1 Bf6 33. Kh2 Qb5 34. g3
Ne2 35. a4 Qc4 36. b5 h4 37. g4 Qc2 38. Ba1 Nf4 39. Qe3 Qb1 40. Bc3 Qf1 41. Qf3
Qc4 42. c6 bxc6 43. bxc6 Qxc6 44. g5 Bxg5 45. Bxe5 Ne6 46. a5 Qb5 47. Qc3 f6 48.
a6 Qxa6 49. Bc7 Qf1 50. Nd3 Nxc7 51. Qc4+ Kf8 52. e5 Qe2+ 53. Kh1 Qf3+ 54. Kh2
Qg3+ 0-1

[Event "1st Grand Europe Open"]
[Site "Golden Sands BUL"]
[Date "2012.06.10"]
[Round "7.55"]
[White "Skomorokhina, Tatyana"]
[Black "Bulmaga, Irina"]
[Result "0-1"]
[WhiteTitle "WFM"]
[BlackTitle "WIM"]
[WhiteElo "2161"]
[BlackElo "2370"]
[WhiteFideId "4124766"]
[BlackFideId "13903063"]
[EventDate "2012.06.04"]
[EventType "swiss"]

1. d4 Nf6 2. Nf3 e6 3. c4 d5 4. Nc3 Be7 5. Bg5 h6 6. Bh4 O-O 7. e3 b6 8. cxd5
Nxd5 9. Bxe7 Qxe7 10. Rc1 Bb7 11. Be2 c5 12. Nxd5 Bxd5 13. dxc5 bxc5 14. Qa4 Nd7
15. O-O Rfb8 16. b3 a5 17. Qf4 Rb4 18. Bc4 e5 19. Qf5 g6 20. Qh3 Bxc4 21. Rxc4
Rxc4 22. bxc4 Kg7 23. Rd1 Nf6 24. Qg3 Re8 25. h3 Qe6 26. Rb1 Qxc4 27. Nxe5 Qe4 0-1

[Event "1st Grand Europe Open"]
[Site "Golden Sands BUL"]
[Date "2012.06.10"]
[Round "7.56"]
[White "Zavialov, Volodymyr"]
[Black "Panbukchian, Valentin"]
[Result "0-1"]
[BlackTitle "IM"]
[WhiteElo "2155"]
[BlackElo "2359"]
[WhiteFideId "14137739"]
[BlackFideId "2900637"]
[EventDate "2012.06.04"]
[EventType "swiss"]

1. d4 Nf6 2. Nf3 e6 3. Bf4 Be7 4. Nbd2 d6 5. e3 Nh5 6. Bd3 Nd7 7. O-O O-O 8. h3
Nxf4 9. exf4 g6 10. Re1 c5 11. dxc5 Nxc5 12. Bf1 Bd7 13. Nb3 Na4 14. Rb1 b5 15.
Qd2 a5 16. c3 Rb8 17. Red1 Qc7 18. Ne5 Bc8 19. Ng4 h5 20. Ne3 d5 21. f5 gxf5 22.
Qe2 h4 23. Nd4 Rd8 24. Nxb5 Qe5 25. Qh5 Bd7 26. Ng4 Qg7 27. Nh6+ Kf8 28. Nxf5
exf5 29. Nd4 Rxb2 30. Rxb2 Nxb2 31. Rb1 Na4 32. Rb7 Nxc3 33. Nxf5 Bxf5 34. Qxf5
Qf6 35. Qd3 Bc5 36. Qc2 Ne4 37. Rb2 Bd4 0-1